000
00334nam a2200157Ia 4500
100
_a
D.E. Knuth
250
_a
3
490
_v
2
942
_c
BK
654
_a
C
245
_a
Art of Computer programming : Seminumerical algorithms
260
_b
Addison Wesly
_c
1998
082
_a
5.1
_b
KNU
300
_a
761
546
_a
ENGLISH
999
_c
30236
_d
30236